[Event "Titled Tuesday intern op 28th Jan Early"]
[Site "Chess.com INT"]
[Date "2025.01.28"]
[Round "6"]
[White "Pajeken, Jakob Leon"]
[Black "Puranik, Abhimanyu Sameer"]
[Result "1/2-1/2"]
[WhiteElo "2426"]
[BlackElo "2636"]
[PlyCount "158"]
[EventDate "2025.01.28"]
[EventType "swiss (blitz)"]
[EventRounds "11"]
[EventCountry "USA"]
[SourceTitle "CB06_2025"]
[SourceDate "2025.02.05"]
[SourceVersion "1"]
[SourceVersionDate "2025.02.05"]
[SourceQuality "1"]

1. Nf3 Nf6 2. g3 g6 3. Bg2 Bg7 4. d4 0-0 5. 0-0 d6 6. b3 e5 7. dxe5 dxe5 8. Ba3 Re8 9. Qxd8 Rxd8 10. Nc3 c6 11. Rad1 Re8 12. Nd2 Bf5 13. Nc4 Bxc2 14. Rd2 Bf5 15. Nd6 Rd8 16. Rfd1 Rd7 17. Nxb7 h5 18. Nd6 Be6 19. Nde4 Rxd2 20. Rxd2 Nbd7 21. Nc5 Nxc5 22. Bxc5 a5 23. Na4 Nd5 24. Nb6 Nxb6 25. Bxb6 Ra6 26. Bc5 a4 27. b4 a3 28. e3 e4 29. Bxe4 Bc3 30. Rd8+ Kh7 31. Bd3 Bf6 32. Bxa6 Bxd8 33. b5 Bc4 34. Bxa3 cxb5 35. Bb4 Bxa2 36. Bxb5 h4 37. gxh4 Bxh4 38. Bc6 Kg7 39. Bc3+ Bf6 40. Bxf6+ Kxf6 41. Kg2 Ke5 42. f4+ Kd6 43. Be4 Be6 44. Kg3 Ke7 45. Bc2 f5 46. Kh4 Kf6 47. Ba4 Bd5 48. Kg3 Bf7 49. h4 Kg7 50. Kf2 Kf6 51. Ke1 Bd5 52. Kd2 Bf3 53. Kc3 Kg7 54. Kd4 Kh6 55. Ke5 Kh5 56. Be8 Be4 57. Kf6 Kxh4 58. Bxg6 Kg4 59. Ke5 Bb1 60. e4 Bxe4 61. Be8 Bb1 62. Bc6 Bc2 63. Bb5 Bb1 64. Be2+ Kg3 65. Bh5 Bc2 66. Bg6 Kg4 67. Bh7 Be4 68. Bg8 Bb1 69. Bc4 Be4 70. Ba2 Kg3 71. Bf7 Kg4 72. Be6 Bb1 73. Bd7 Be4 74. Bb5 Bb1 75. Be2+ Kg3 76. Bd1 Kh4 77. Bb3 Kg4 78. Bd1+ Kh4 79. Be2 Kg3 1/2-1/2

[Event "Titled Tuesday intern op 28th Jan Early"]
[Site "Chess.com INT"]
[Date "2025.01.28"]
[Round "3"]
[White "Puranik, Abhimanyu Sameer"]
[Black "Kalinin, Nikita An"]
[Result "1-0"]
[WhiteElo "2636"]
[BlackElo "2344"]
[PlyCount "65"]
[EventDate "2025.01.28"]
[EventType "swiss (blitz)"]
[EventRounds "11"]
[EventCountry "USA"]
[SourceTitle "CB06_2025"]
[SourceDate "2025.02.05"]
[SourceVersion "1"]
[SourceVersionDate "2025.02.05"]
[SourceQuality "1"]

1. e4 c5 2. Nf3 Nc6 3. Bb5 g6 4. Bxc6 dxc6 5. d3 Bg7 6. h3 Nf6 7. 0-0 Nd7 8. Nc3 e5 9. Nd2 Nf8 10. a4 Ne6 11. Nc4 0-0 12. a5 f5 13. exf5 gxf5 14. Re1 Qc7 15. Qh5 Nd4 16. Qd1 Be6 17. b3 b5 18. axb6 axb6 19. Rxa8 Rxa8 20. Ne2 Re8 21. Nxd4 cxd4 22. Qh5 Re7 23. Bg5 Rf7 24. Nxe5 Bxe5 25. f4 Bxf4 26. Rxe6 Qd7 27. Qh6 Be3+ 28. Bxe3 dxe3 29. Rxe3 Qd4 30. Kh1 Rf8 31. Re7 Qa1+ 32. Kh2 Rf7 33. Re8+ 1-0

[Event "Titled Tuesday intern op 28th Jan Early"]
[Site "Chess.com INT"]
[Date "2025.01.28"]
[Round "10"]
[White "Puranik, Abhimanyu Sameer"]
[Black "Odegov, Artem"]
[Result "1-0"]
[WhiteElo "2636"]
[BlackElo "2258"]
[PlyCount "59"]
[EventDate "2025.01.28"]
[EventType "swiss (blitz)"]
[EventRounds "11"]
[EventCountry "USA"]
[SourceTitle "CB06_2025"]
[SourceDate "2025.02.05"]
[SourceVersion "1"]
[SourceVersionDate "2025.02.05"]
[SourceQuality "1"]

1. e4 Nf6 2. e5 Nd5 3. d4 d6 4. c4 Nb6 5. f4 g6 6. Be2 dxe5 7. fxe5 c5 8. d5 Bg7 9. Nf3 Bg4 10. Ng5 Bc8 11. 0-0 0-0 12. Bf4 h6 13. Nf3 Bg4 14. Nc3 N8d7 15. Nd2 Bxe2 16. Qxe2 e6 17. d6 Kh7 18. Nf3 f5 19. exf6 Nxf6 20. Rad1 Nbd7 21. Qxe6 Nh5 22. Bc1 Nf4 23. Bxf4 Rxf4 24. Nd5 Rf5 25. g4 Rf8 26. Ne7 Rf6 27. Qe4 Nf8 28. Qxb7 Rb8 29. Qd5 Rxb2 30. Qg8# 1-0

[Event "Titled Tuesday intern op 28th Jan Early"]
[Site "Chess.com INT"]
[Date "2025.01.28"]
[Round "2"]
[White "Zienkiewicz, Jan"]
[Black "Puranik, Abhimanyu Sameer"]
[Result "0-1"]
[WhiteElo "2309"]
[BlackElo "2636"]
[PlyCount "156"]
[EventDate "2025.01.28"]
[EventType "swiss (blitz)"]
[EventRounds "11"]
[EventCountry "USA"]
[SourceTitle "CB06_2025"]
[SourceDate "2025.02.05"]
[SourceVersion "1"]
[SourceVersionDate "2025.02.05"]
[SourceQuality "1"]

1. e4 e6 2. d4 d5 3. e5 c5 4. c3 Nc6 5. Nf3 Bd7 6. Be2 Nge7 7. a3 Ng6 8. h4 Be7 9. g3 0-0 10. h5 Nh8 11. Be3 cxd4 12. cxd4 f6 13. exf6 Bxf6 14. Nc3 Nf7 15. h6 g6 16. 0-0 Nd6 17. Bd3 Ne7 18. g4 Nc6 19. Qd2 Bh8 20. Ng5 Qf6 21. Rae1 Nxd4 22. f4 Nc6 23. Qf2 d4 24. Nce4 Nxe4 25. Nxe4 Qe7 26. Bd2 Ne5 27. Qe2 Nxd3 28. Qxd3 Qh4 29. Qf3 Bc6 30. Bb4 Rf7 31. Rc1 Bxe4 32. Qxe4 Qxg4+ 33. Kh2 Re8 34. Rc2 Qh5+ 35. Kg2 Qxh6 36. Rfc1 Qxf4 37. Qe2 Qg5+ 38. Kh1 Rf4 39. Qd1 Rh4+ 40. Rh2 Rxh2+ 41. Kxh2 Be5+ 42. Kh1 Qh4+ 43. Kg1 Qg3+ 44. Kf1 Qh3+ 45. Ke1 Bg3+ 46. Ke2 Qg4+ 47. Kd3 Qf5+ 48. Kc4 b5+ 49. Kb3 Qd5+ 50. Kc2 Qc4+ 51. Kb1 Qd5 52. Ka1 Bf4 53. Rc2 d3 54. Rf2 Be3 55. Rf3 Bh6 56. Rxd3 Qf5 57. Rd7 Bg5 58. Qd6 Bf6 59. Qd1 Qf2 60. Rd2 Qg3 61. Qe2 Qb3 62. Rc2 Rd8 63. Kb1 Bxb2 64. Rd2 Rxd2 65. Bxd2 Bc3+ 66. Kc1 Qb2+ 67. Kd1 Qb1+ 68. Bc1 Qb3+ 69. Qc2 Qxc2+ 70. Kxc2 Bd4 71. Kd3 Bb6 72. Ke4 Kf7 73. Bg5 Bc5 74. Bd2 a6 75. a4 bxa4 76. Bc3 a3 77. Ba1 a2 78. Bb2 Be7 0-1

[Event "Tashkent President op 3rd"]
[Site "Tashkent"]
[Date "2024.11.29"]
[Round "9"]
[White "Puranik, Abhimanyu Sameer"]
[Black "Nitish, Belurkar"]
[Result "1/2-1/2"]
[WhiteElo "2652"]
[BlackElo "2434"]
[PlyCount "114"]
[EventDate "2024.11.21"]
[EventType "swiss"]
[EventRounds "9"]
[EventCountry "UZB"]
[SourceTitle "CB49_2024"]
[SourceDate "2024.12.04"]
[SourceVersion "1"]
[SourceVersionDate "2024.12.04"]
[SourceQuality "1"]

1. e4 c5 2. Nf3 e6 3. d4 cxd4 4. Nxd4 Nf6 5. Nc3 Nc6 6. Nxc6 bxc6 7. e5 Nd5 8. Ne4 Qc7 9. f4 Qb6 10. c4 Ne3 11. Qd3 Bb4+ 12. Bd2 Ba6 13. b3 0-0 14. Bxb4 Qxb4+ 15. Kf2 Nd5 16. Ng5 Qb6+ 17. Kg3 g6 18. Qd2 f6 19. Nf3 Ne3 20. Re1 fxe5 21. Nxe5 Nf5+ 22. Kh3 d6 23. c5 dxc5 24. Bxa6 Qxa6 25. Qe2 Qb7 26. g3 Rad8 27. Ng4 Nd4 28. Qe5 Qg7 29. Qxg7+ Kxg7 30. Re4 g5 31. fxg5 Rf5 32. Kg2 Rxg5 33. Ne3 Kf7 34. Rf1+ Ke7 35. g4 Rgg8 36. Re5 Kd6 37. Rh5 Rg7 38. h3 Rdd7 39. Rd1 Kc7 40. Rxc5 Nb5 41. Rxd7+ Rxd7 42. Rc2 Rd3 43. Nc4 Rd5 44. Re2 Kd7 45. h4 Ke7 46. Kg3 Nd4 47. Rf2 h5 48. Ne3 Rc5 49. g5 a5 50. Kf4 a4 51. Ke4 Nb5 52. Nc4 axb3 53. axb3 Rd5 54. g6 Nc3+ 55. Kf3 Rf5+ 56. Kg2 Rxf2+ 57. Kxf2 Kf6 1/2-1/2

[Event "Tashkent President op 3rd"]
[Site "Tashkent"]
[Date "2024.11.26"]
[Round "6"]
[White "Urazayev, Arystanbek"]
[Black "Puranik, Abhimanyu Sameer"]
[Result "0-1"]
[WhiteElo "2480"]
[BlackElo "2652"]
[PlyCount "78"]
[EventDate "2024.11.21"]
[EventType "swiss"]
[EventRounds "9"]
[EventCountry "UZB"]
[SourceTitle "CB49_2024"]
[SourceDate "2024.12.04"]
[SourceVersion "1"]
[SourceVersionDate "2024.12.04"]
[SourceQuality "1"]

1. e4 e6 2. d4 d5 3. Nd2 c5 4. Ngf3 cxd4 5. exd5 Qxd5 6. Bc4 Qd7 7. 0-0 Nc6 8. Nb3 a6 9. Nbxd4 Nxd4 10. Nxd4 Qc7 11. Bd3 Nf6 12. Re1 Bd6 13. h3 Bh2+ 14. Kh1 Bf4 15. Qf3 Bxc1 16. Raxc1 0-0 17. c3 b6 18. Qe2 Rd8 19. Nf3 Bb7 20. Ne5 Rd5 21. Rcd1 Rad8 22. Bc2 h6 23. Rxd5 Rxd5 24. Qe3 b5 25. Kg1 Rd8 26. Re2 g5 27. Ng4 Nxg4 28. hxg4 Qc4 29. f3 Qxa2 30. Qe5 Qd5 31. Qf6 Qc5+ 32. Kh1 Qf8 33. f4 gxf4 34. g5 Rd5 35. Rxe6 Rxg5 36. Re7 Bxg2+ 37. Kh2 Bd5 38. Bd1 Rg2+ 39. Kh3 Qc8+ 0-1

[Event "Tashkent President op 3rd"]
[Site "Tashkent"]
[Date "2024.11.25"]
[Round "5"]
[White "Puranik, Abhimanyu Sameer"]
[Black "Mamedov, Edgar"]
[Result "1/2-1/2"]
[WhiteElo "2652"]
[BlackElo "2448"]
[PlyCount "79"]
[EventDate "2024.11.21"]
[EventType "swiss"]
[EventRounds "9"]
[EventCountry "UZB"]
[SourceTitle "CB49_2024"]
[SourceDate "2024.12.04"]
[SourceVersion "1"]
[SourceVersionDate "2024.12.04"]
[SourceQuality "1"]

1. c4 e6 2. Nc3 d5 3. d4 Nf6 4. Nf3 c6 5. e3 Nbd7 6. Qc2 Bd6 7. b3 0-0 8. Be2 b6 9. Bb2 Bb7 10. 0-0 Qe7 11. a4 a5 12. Rad1 Rad8 13. e4 dxe4 14. Nxe4 Nxe4 15. Qxe4 Nf6 16. Qh4 c5 17. Bd3 Ne4 18. Qxe7 Bxe7 19. Rfe1 f5 20. Nd2 Nxd2 21. Rxd2 Bf6 22. Rxe6 Bxd4 23. Bf1 Rf6 24. Re7 Be4 25. Bxd4 Rxd4 26. Rxd4 cxd4 27. Rd7 Bc2 28. c5 bxc5 29. Bc4+ Kf8 30. Kf1 Rb6 31. Rd5 g6 32. Rxc5 Bxb3 33. Bxb3 Rxb3 34. Rxa5 d3 35. Re5 Ra3 36. Ke1 Rxa4 37. Re3 Ra1+ 38. Kd2 Ra2+ 39. Ke1 Ra1+ 40. Kd2 1/2-1/2

[Event "Tashkent President op 3rd"]
[Site "Tashkent"]
[Date "2024.11.23"]
[Round "3"]
[White "Puranik, Abhimanyu Sameer"]
[Black "Harsh, Suresh"]
[Result "1-0"]
[WhiteElo "2652"]
[BlackElo "2431"]
[PlyCount "106"]
[EventDate "2024.11.21"]
[EventType "swiss"]
[EventRounds "9"]
[EventCountry "UZB"]
[SourceTitle "CB49_2024"]
[SourceDate "2024.12.04"]
[SourceVersion "1"]
[SourceVersionDate "2024.12.04"]
[SourceQuality "1"]

1. Nf3 d5 2. d4 Nf6 3. c4 e6 4. Nc3 Nbd7 5. Bg5 Bb4 6. cxd5 exd5 7. e3 c5 8. Bd3 Qa5 9. Qc2 c4 10. Bf5 0-0 11. 0-0 Re8 12. Rfb1 Bxc3 13. Qxc3 Qa6 14. Bc2 Ne4 15. Bxe4 dxe4 16. Nd2 b5 17. a4 Nb6 18. axb5 Qxb5 19. Ra5 Qc6 20. b3 Be6 21. bxc4 Bxc4 22. Rc1 Rac8 23. Rc5 Qe6 24. Nxc4 Na4 25. Qa3 Nxc5 26. dxc5 Qd5 27. Nd6 Qxg5 28. Nxe8 Rxe8 29. c6 Rc8 30. Qxa7 Qd8 31. c7 Qd7 32. h4 h5 33. Qc5 g6 34. Qe5 Kh7 35. Qc5 Kg8 36. Qc6 Qe7 37. Rc5 Kh7 38. g3 Kg8 39. Kf1 Kh7 40. Ke2 Kh6 41. Kd2 Qf8 42. Kc2 Qh8 43. Qxe4 Qa1 44. Qf4+ Kh7 45. Qxf7+ Kh6 46. Qf4+ Kh7 47. Qd4 Qa2+ 48. Kd3 Qxf2 49. Qd7+ Kh6 50. Qxc8 Qf1+ 51. Kd4 Qf6+ 52. Kd5 Qf7+ 53. Qe6 Qxe6+ 1-0

[Event "Chennai-B"]
[Site "Chennai"]
[Date "2024.11.11"]
[Round "7"]
[White "Puranik, Abhimanyu Sameer"]
[Black "Sadhwani, Raunak"]
[Result "1/2-1/2"]
[WhiteElo "2652"]
[BlackElo "2677"]
[PlyCount "64"]
[EventDate "2024.11.05"]
[EventType "tourn"]
[EventRounds "7"]
[EventCountry "IND"]
[EventCategory "14"]
[SourceTitle "CB45_2024"]
[Source "ChessBase"]
[SourceDate "2024.11.06"]
[SourceVersion "1"]
[SourceVersionDate "2024.11.06"]
[SourceQuality "1"]

1. c4 Nf6 2. g3 e6 3. Bg2 d5 4. d4 Bb4+ 5. Bd2 Be7 6. Nf3 0-0 7. 0-0 c6 8. Qc2 Nbd7 9. Bf4 b6 10. Nbd2 c5 11. e4 dxc4 12. Nxc4 Bb7 13. Rfe1 cxd4 14. Nd6 Bxd6 15. Bxd6 d3 16. Qxd3 Bxe4 17. Qd4 e5 18. Nxe5 Nxe5 19. Bxe5 Bxg2 20. Kxg2 Qxd4 21. Bxd4 Rfd8 22. Rad1 Nd5 23. Rd2 Rd7 24. Red1 Rad8 25. Kf3 f6 26. a4 Kf7 27. a5 bxa5 28. Bxa7 Rxa7 29. Rxd5 Rxd5 30. Rxd5 a4 31. Rb5 a3 32. bxa3 Rxa3+ 1/2-1/2

[Event "Chennai-B"]
[Site "Chennai"]
[Date "2024.11.08"]
[Round "4"]
[White "Mendonca, Leon Luke"]
[Black "Puranik, Abhimanyu Sameer"]
[Result "1/2-1/2"]
[WhiteElo "2631"]
[BlackElo "2652"]
[PlyCount "139"]
[EventDate "2024.11.05"]
[EventType "tourn"]
[EventRounds "7"]
[EventCountry "IND"]
[EventCategory "14"]
[SourceTitle "CB45_2024"]
[Source "ChessBase"]
[SourceDate "2024.11.06"]
[SourceVersion "1"]
[SourceVersionDate "2024.11.06"]
[SourceQuality "1"]

1. e4 e5 2. Nf3 Nc6 3. Bc4 Nf6 4. d3 h6 5. 0-0 Bc5 6. c3 d6 7. Re1 a5 8. Nbd2 0-0 9. Nf1 Be6 10. Bb5 Bb6 11. Ng3 Nh7 12. h3 Ng5 13. Nxg5 hxg5 14. b3 g4 15. Bxc6 bxc6 16. hxg4 Qh4 17. Be3 Bxg4 18. Qd2 f6 19. Nf1 Be6 20. f3 Kf7 21. Qf2 Rh8 22. Qxh4 Rxh4 23. Kf2 Rhh8 24. Bxb6 cxb6 25. c4 b5 26. Ne3 Rhb8 27. Re2 Ke7 28. Rc1 bxc4 29. bxc4 Rb4 30. Rc3 Kd7 31. Ra3 Kc7 32. Ke1 Kb6 33. Kd2 Rb2+ 34. Kd1 Rb4 35. Kd2 a4 36. Re1 Ka5 37. Rc3 Rab8 38. Rh1 Rb2+ 39. Rc2 Rxc2+ 40. Kxc2 a3 41. Kc3 Rb2 42. Nc2 d5 43. cxd5 cxd5 44. exd5 Bxd5 45. Rh8 Rb1 46. Nxa3 Rg1 47. Nc2 Kb5 48. a3 Bc6 49. Ne3 Ra1 50. Nc4 Bd5 51. Rb8+ Kc6 52. Rc8+ Kb7 53. Rd8 Kc6 54. Rc8+ Kb7 55. Rd8 Kc6 56. Kb2 Re1 57. Rc8+ Kb7 58. Nd6+ Kb6 59. Rc2 Rd1 60. Kc3 Ra1 61. Kd2 Rxa3 62. Nf5 Ra7 63. Ke3 Be6 64. Nd6 Rd7 65. Ne4 Rc7 66. Rxc7 Kxc7 67. Ng3 Bf7 68. Nf5 g6 69. Ng3 Kd7 70. d4 1/2-1/2

[Event "Chennai-B"]
[Site "Chennai"]
[Date "2024.11.07"]
[Round "3"]
[White "Harika, Dronavalli"]
[Black "Puranik, Abhimanyu Sameer"]
[Result "1/2-1/2"]
[WhiteElo "2493"]
[BlackElo "2652"]
[PlyCount "102"]
[EventDate "2024.11.05"]
[EventType "tourn"]
[EventRounds "7"]
[EventCountry "IND"]
[EventCategory "14"]
[SourceTitle "CB45_2024"]
[Source "ChessBase"]
[SourceDate "2024.11.06"]
[SourceVersion "1"]
[SourceVersionDate "2024.11.06"]
[SourceQuality "1"]

1. e4 c5 2. Nf3 Nc6 3. d4 cxd4 4. Nxd4 Qb6 5. Nb3 e6 6. Nc3 Qc7 7. Qe2 a6 8. Bd2 b5 9. g3 Bb7 10. f4 Nf6 11. Bg2 d6 12. a3 Be7 13. Be3 Rc8 14. 0-0 0-0 15. Rfd1 Rfe8 16. h3 Bf8 17. Qf2 Nd7 18. Nb1 Na5 19. Nxa5 Qxa5 20. c3 Qc7 21. Nd2 Nc5 22. Bxc5 dxc5 23. e5 c4 24. Qe2 Red8 25. Bxb7 Qxb7 26. Nf3 h6 27. Kg2 a5 28. Rxd8 Rxd8 29. Rd1 Rxd1 30. Qxd1 Qe4 31. Qd4 Qb1 32. Qf2 Be7 33. h4 g6 34. Kh2 Qe4 35. Kg2 Kg7 36. Qd4 Qb1 37. Qf2 Kg8 38. Kh2 Qe4 39. Kg2 g5 40. fxg5 hxg5 41. hxg5 Kg7 42. Kh2 b4 43. axb4 axb4 44. cxb4 Bxb4 45. Kg2 Qd5 46. Qe2 Bc5 47. Qd2 Qe4 48. Qf4 Qc2+ 49. Kh3 Be7 50. Nd2 Qxb2 51. Nxc4 Qe2 1/2-1/2